01110 2200361 4500001002100000005001500021035002000036007000300056040001700059100002400076245007000100250001300170300003000183041000800213082000800221084001400229090002000243264006200263336002100325337003000346338002300376650001100399850001000410008004100420020002200461700004300483700004600526700004400572700003900616700003700655700004400692990001200736INLIS00000000000492320260516080529 a0010-0222000013ta aSBPUPADbind0 aHasanadiePengarang1 aWarisan Budaya Tak Benda di Provinsi Sumatera Selatan /cHasanadi a.-cet. 1 aviii, 280 hal. ;c24,5 cm aind a301 a301 HAS w a2x7.1 SUS m 5-8 a.--Padang :bBalai Pelestarian Nilai Budaya Padang,c2013 2rdacontentaTeks 2rdamediaaTanpa Perantara 2rdacarrieraVolume 4abudaya aPUPAD260516 0  a978-602-8742-68-9 apengarang ke 2, Silvia DeviePengarang apengarang ke 3, Budi Eka PutraePengarang apengarang ke 4, Reza LahardoePengarang apengarang ke 5, HariadiePengarang apengarang ke 6, UndriePengarang aeditor, Farida R. WargadalemePengarang a14694/H